|
|
|
|
| LEADER |
00000nab a2200000 ar4500 |
| 001 |
vtls009966434 |
| 003 |
SK-MaSNL |
| 005 |
20260319070638.0 |
| 008 |
091104c2009 xo |||||||| 000 b|hun |
| 015 |
|
|
|a SNBRB2009/11
|2 snkbucl
|
| 038 |
|
|
|a SNKBUCL
|
| 040 |
|
|
|a DSZK
|b slo
|c DSZK
|e AACR2
|
| 041 |
0 |
|
|a hun
|
| 044 |
|
|
|a xo
|c SK
|
| 080 |
|
|
|a 27-184.3
|2 2001
|
| 080 |
|
|
|a 2-426
|2 2001
|
| 100 |
1 |
|
|a Horváth, Károly
|4 aut
|9 306366
|
| 245 |
1 |
0 |
|a Így látom én-
|b Horváth Károly atya rovata
|
| 300 |
|
|
|b Fotogr.
|
| 300 |
|
|
|a Rubrika je pravidelná a vychádza v každom nasledujúcom čísle
|
| 650 |
0 |
7 |
|a náboženská viera
|2 SNKPH
|9 67877
|
| 650 |
0 |
7 |
|a náboženská etika
|2 SNKPH
|9 15025
|
| 655 |
|
7 |
|a výklady
|2 snkbucl
|9 29178
|
| 773 |
0 |
|
|t Remény
|g Évf. XX, sz. 7 (2009), o. 24
|x 1335-6534
|
| 852 |
|
|
|a SNK
|b KIS3GCP
|
| 852 |
|
|
|a DSZK
|b KIS3GCP
|
| 958 |
|
|
|a HU
|
| 958 |
|
|
|a SK
|
| 958 |
|
|
|a NT
|
| 999 |
|
|
|c 1710321
|d 1712251
|